Catálogo

Tumors of the cervix, vagina, and vulva / (Registro nro. 25597)

Detalles MARC
000 -LEADER
fixed length control field 01384cam a2200361 i 4500
001 - CONTROL NUMBER
control field 25597
003 - CONTROL NUMBER IDENTIFIER
control field Mx-PuUPA
005 - DATE AND TIME OF LATEST TRANSACTION
control field 20250924120639.0
008 - FIXED-LENGTH DATA ELEMENTS--GENERAL INFORMATION
fixed length control field 140415s2010 dcua fr 001 0 eng d
020 ## - INTERNATIONAL STANDARD BOOK NUMBER
International Standard Book Number 9781933477114
020 ## - INTERNATIONAL STANDARD BOOK NUMBER
International Standard Book Number 1933477113
040 ## - CATALOGING SOURCE
Transcribing agency Mx-PuUPA
Original cataloging agency Mx-PuUPA
Language of cataloging spa
Modifying agency Mx-PuUPA
Description conventions rda
041 0# - LANGUAGE CODE
Language code of text/sound track or separate title eng
100 1# - MAIN ENTRY--PERSONAL NAME
Personal name Kurman, Robert J.,
9 (RLIN) 17228
Relator term autor
245 10 - TITLE STATEMENT
Title Tumors of the cervix, vagina, and vulva /
Statement of responsibility, etc. by Robert J. Kurman, Brigitte M. Ronnet, Mark E. Sherman, Edward J. Wilkinson ; editor, Steven G. Silverberg
264 #1 - PRODUCTION, PUBLICATION, DISTRIBUTION, MANUFACTURE, AND COPYRIGHT NOTICE
Place of production, publication, distribution, manufacture Wahington DC :
Name of producer, publisher, distributor, manufacturer American Registry of Pathology :
-- Armed Forces Institute of Pathology,
Date of production, publication, distribution, manufacture, or copyright notice 2010
300 ## - PHYSICAL DESCRIPTION
Extent 431 páginas :
Other physical details ilustraciones, fotogafías;
Dimensions 28 cm
336 ## - CONTENT TYPE
Fuente rdacontent
Content type term texto
Content type code txt
337 ## - MEDIA TYPE
Source rdamedia
Media type term sin medio
Media type code n
338 ## - CARRIER TYPE
Source rdacarrier
Carrier type term volumen
Carrier type code nc
490 0# - SERIES STATEMENT
Series statement AFIP Atlas of Tumor Pathology ;
-- Series 4 ;
Volume/sequential designation 13
650 #7 - SUBJECT ADDED ENTRY--TOPICAL TERM
Source of heading or term armarc
Topical term or geographic name entry element Cuello uterino
Form subdivision Cáncer
General subdivision Atlas
650 #7 - SUBJECT ADDED ENTRY--TOPICAL TERM
Source of heading or term armarc
Topical term or geographic name entry element Vagina
General subdivision Citología
Form subdivision Atlas
650 #7 - SUBJECT ADDED ENTRY--TOPICAL TERM
Source of heading or term armarc
Topical term or geographic name entry element Vulva
General subdivision Tumores
Form subdivision Atlas
700 1# - ADDED ENTRY--PERSONAL NAME
Personal name Ronnet, Brigitte M.,
Relator term autor
700 1# - ADDED ENTRY--PERSONAL NAME
Personal name Sherman, Mark E.,
Relator term autor
700 1# - ADDED ENTRY--PERSONAL NAME
Personal name Wilkinson, Edward J.,
Relator term autor
700 1# - ADDED ENTRY--PERSONAL NAME
Personal name Silverberg, Steven G.,
Relator term editor
942 ## - ADDED ENTRY ELEMENTS (KOHA)
Source of classification or shelving scheme Dewey Decimal Classification
Koha item type Libro
Classification part 616.99466
Item part K68
Existencias
Withdrawn status Lost status Source of classification or shelving scheme Damaged status Not for loan Collection code Home library Current library Shelving location Date acquired Source of acquisition Cost, normal purchase price Total Checkouts Full call number Barcode Date last seen Cost, replacement price Price effective from Koha item type
    Dewey Decimal Classification     General Biblioteca Karol Wojtyla Biblioteca Karol Wojtyla Sala general 03/12/2013 Donación 0.00   616.99466 K68 2010 47640 05/01/2026 0.00 03/12/2013 Libro